[Event "GER-ch 74th"]
[Site "Saarbruecken"]
[Date "2002.11.26"]
[Round "5"]
[White "Graf, Alexander"]
[Black "Gisbrecht, Ewgeni"]
[Result "1-0"]
[WhiteElo "2635"]
[BlackElo "2414"]
[EventDate "2002.11.22"]
[PlyCount "33"]

1. e4 c5 2. Nf3 Nf6 3. Nc3 Nc6 4. Bb5 Nd4 5. e5 Nxb5 6. Nxb5 Nd5 7. Ng5 h6 8. Nxf7 Kxf7 9. Qf3+ Nf6 10. exf6 exf6 11. Qd5+ Kg6 12. O-O Qb6 13. Qd3+ Kf7 14. Re1 Qc6 15. Nc3 c4 16. Qe4 Bc5 17. Qxc4+ 1-0

[Event "GER-ch 74th"]
[Site "Saarbruecken"]
[Date "2002.11.26"]
[Round "5"]
[White "Gutman, Lev"]
[Black "Holzhaeuer, Mathias"]
[Result "1-0"]
[WhiteElo "2476"]
[BlackElo "2407"]
[EventDate "2002.11.22"]
[PlyCount "81"]

1. Nf3 Nf6 2. g3 d5 3. Bg2 Bf5 4. O-O e6 5. c4 c6 6. cxd5 exd5 7. d3 h6 8. Nc3 Be7 9. Nd4 Bc8 10. e4 O-O 11. e5 Ng4 12. Nf3 f6 13. d4 fxe5 14. Nxe5 Nf6 15. Ne2 Re8 16. Qd3 Nbd7 17. Bxh6 Nxe5 18. dxe5 Ng4 19. Bf4 Bc5 20. Rac1 Bb6 21. Nd4 Nxe5 22. Bxe5 Rxe5 23. Rxc6 Bf5 24. Qd2 Be4 25. Rcc1 Bxg2 26. Kxg2 Qd7 27. Nf3 Rh5 28. Ng1 Rf8 29. Rce1 Rhf5 30. Re2 Qb5 31. f4 d4 32. Nf3 Qd5 33. Qd3 Qxa2 34. Ne5 Qd5+ 35. Rf3 R5f6 36. Ng6 Rxg6 37. Qxg6 Qb5 38. Qd3 Qd7 39. f5 Qd5 40. Qe4 Qb5 41. f6 1-0

[Event "GER-ch 74th"]
[Site "Saarbruecken"]
[Date "2002.11.26"]
[Round "5"]
[White "Handke, Florian"]
[Black "Kersten, Uwe"]
[Result "1-0"]
[WhiteElo "2504"]
[BlackElo "2331"]
[EventDate "2002.11.22"]
[PlyCount "81"]

1. e4 c5 2. Nf3 d6 3. d4 Nf6 4. Nc3 cxd4 5. Nxd4 a6 6. Be2 e5 7. Nb3 Be7 8. Be3 Be6 9. Nd5 Nxd5 10. exd5 Bf5 11. Qd2 a5 12. a4 O-O 13. O-O g5 14. h4 gxh4 15. Bh6 Re8 16. f4 exf4 17. Qxf4 Bg6 18. Bd3 f6 19. Qg4 Kh8 20. Rae1 Nd7 21. Bxg6 Rg8 22. Rxe7 Qxe7 23. Qe4 Ne5 24. Bf5 Rg3 25. Bf4 Rg7 26. Nd4 Rag8 27. Rf2 Qe8 28. Ne6 Rf7 29. Bd2 Qa8 30. Rf4 Qa7+ 31. Be3 Qa6 32. c4 Qa8 33. Rxh4 Rg3 34. Bxh7 Nf3+ 35. Qxf3 Rxf3 36. Bg6+ Kg8 37. Bxf7+ Kxf7 38. Rh7+ Kg6 39. Rg7+ Kf5 40. gxf3 Qh8 41. Nd4+ 1-0

[Event "GER-ch 74th"]
[Site "Saarbruecken"]
[Date "2002.11.26"]
[Round "5"]
[White "Luther, Thomas"]
[Black "Breutigam, Martin"]
[Result "1-0"]
[WhiteElo "2538"]
[BlackElo "2398"]
[EventDate "2002.11.22"]
[PlyCount "93"]

1. e4 e5 2. Nf3 Nc6 3. Bb5 f5 4. d3 fxe4 5. dxe4 Nf6 6. O-O d6 7. Qd3 Bg4 8. Nc3 Be7 9. h3 Bxf3 10. Qxf3 O-O 11. Qd1 Kh8 12. Be3 h6 13. Qd2 Nh7 14. Nd5 Bg5 15. Qc3 Bxe3 16. fxe3 Qh4 17. Nxc7 Ng5 18. Qe1 Rxf1+ 19. Bxf1 Qxe1 20. Rxe1 Rc8 21. Nb5 Nxe4 22. Bd3 a6 23. Bxe4 axb5 24. Rd1 Rd8 25. Rd5 Na7 26. a3 Kg8 27. Bd3 Kf7 28. Bxb5 Nxb5 29. Rxb5 Rd7 30. e4 Ke6 31. Kf2 Rc7 32. c3 Kd7 33. Rb6 g5 34. Ke3 h5 35. Kd3 h4 36. c4 Ke7 37. b3 g4 38. hxg4 Kf6 39. Rxd6+ Kg5 40. Ke3 Kxg4 41. Rg6+ Kh5 42. Re6 Kg4 43. Rxe5 Rg7 44. Rd5 Kg3 45. Rd2 Kh2 46. e5 Rg3+ 47. Kf4 1-0

[Event "GER-ch 74th"]
[Site "Saarbruecken"]
[Date "2002.11.26"]
[Round "5"]
[White "Mayer, Frank"]
[Black "Lentrodt, Thomas"]
[Result "1-0"]
[WhiteElo "2256"]
[BlackElo "2300"]
[EventDate "2002.11.22"]
[PlyCount "105"]

1. g3 c5 2. Bg2 Nc6 3. Nf3 g6 4. O-O Bg7 5. d3 d6 6. Nbd2 Rb8 7. e4 Nf6 8. Nh4 O-O 9. f4 Ng4 10. Nb3 Qb6 11. c4 Nd4 12. Nf3 Nxf3+ 13. Bxf3 Nf6 14. Be3 Qa6 15. d4 cxd4 16. Bxd4 b6 17. Qe2 Be6 18. Nd2 Bh3 19. Bg2 Bxg2 20. Kxg2 Rfc8 21. b3 Qb7 22. Rad1 a6 23. Bxf6 Bxf6 24. Nf3 Bg7 25. Rd2 b5 26. Rc1 bxc4 27. Rxc4 Rxc4 28. Qxc4 Rc8 29. Qd5 Rc6 30. h4 e6 31. Qd3 Rc3 32. Qxd6 Qxe4 33. Qd8+ Bf8 34. Rf2 h6 35. Qd2 Bb4 36. a3 Ba5 37. b4 Rd3 38. Qe2 Qxe2 39. Rxe2 Bb6 40. a4 Rb3 41. Re4 Rb2+ 42. Kh3 Kf8 43. Rc4 Ke7 44. a5 Bf2 45. Rc6 Rxb4 46. Rxa6 Ra4 47. Ra8 Kf6 48. Ne5 Kf5 49. Nxf7 Ke4 50. Rg8 Ra2 51. Rxg6 Bg1 52. Rxh6 Kf3 53. Ng5+ 1-0

[Event "GER-ch 74th"]
[Site "Saarbruecken"]
[Date "2002.11.26"]
[Round "5"]
[White "Mueller, Matthias"]
[Black "Kalinitschew, Sergey"]
[Result "1/2-1/2"]
[WhiteElo "2403"]
[BlackElo "2485"]
[EventDate "2002.11.22"]
[PlyCount "25"]

1. e4 c5 2. Nf3 Nc6 3. d4 cxd4 4. Nxd4 e5 5. Nb5 d6 6. c4 Be6 7. N1c3 a6 8. Na3 Rc8 9. Be2 Nd4 10. O-O Nf6 11. Be3 Nxe2+ 12. Qxe2 Be7 13. Rac1 1/2-1/2

[Event "GER-ch 74th"]
[Site "Saarbruecken"]
[Date "2002.11.26"]
[Round "5"]
[White "Riegler, Dieter"]
[Black "Becking, Stephan"]
[Result "0-1"]
[WhiteElo "2233"]
[BlackElo "2315"]
[EventDate "2002.11.22"]
[PlyCount "60"]

1. d4 d5 2. c4 c6 3. Nf3 Nf6 4. Qc2 g6 5. Bf4 Na6 6. e3 Bf5 7. Qb3 Nb4 8. Qxb4 e5 9. Qb3 exf4 10. Bd3 Qa5+ 11. Ke2 Bxd3+ 12. Qxd3 dxc4 13. Qxc4 fxe3 14. fxe3 Bg7 15. Nc3 O-O 16. Rhe1 Rfe8 17. Kf1 Qf5 18. Qb3 Ng4 19. Kg1 Nxe3 20. Qxb7 Reb8 21. Qxc6 Rc8 22. Qa4 Nc2 23. Nh4 Qd3 24. Rad1 Nxe1 25. Rxd3 Nxd3 26. Nf3 Nxb2 27. Qc2 Rab8 28. Ne5 Rb4 29. Qf2 Bxe5 30. dxe5 Rxc3 0-1

[Event "GER-ch 74th"]
[Site "Saarbruecken"]
[Date "2002.11.26"]
[Round "5"]
[White "Scherer, Max"]
[Black "Siebrecht, Sebastian"]
[Result "0-1"]
[WhiteElo "2339"]
[BlackElo "2426"]
[EventDate "2002.11.22"]
[PlyCount "80"]

1. c4 Nf6 2. g3 e5 3. Bg2 c6 4. d4 Bb4+ 5. Bd2 Bxd2+ 6. Qxd2 d6 7. dxe5 dxe5 8. Qxd8+ Kxd8 9. Nf3 Re8 10. Nc3 Bg4 11. O-O-O+ Kc7 12. h3 Bxf3 13. exf3 Nbd7 14. h4 Nc5 15. Rhe1 a5 16. Bh3 Re7 17. Bf5 Rae8 18. Re3 g6 19. Bc2 Nfd7 20. Rde1 f5 21. h5 Re6 22. a3 Nb6 23. b3 a4 24. hxg6 hxg6 25. Kb2 axb3 26. Bxb3 Rd6 27. R1e2 g5 28. Rc2 f4 29. gxf4 gxf4 30. Ree2 Rd3 31. Rcd2 Rxf3 32. Kc2 Nbd7 33. Rd1 Rh8 34. Ba2 Rhh3 35. Nb1 e4 36. Rd4 Ne5 37. Nd2 Rxa3 38. Kb2 Na4+ 39. Ka1 Rh1+ 40. Nb1 Rxb1+ 0-1

[Event "GER-ch 74th"]
[Site "Saarbruecken"]
[Date "2002.11.26"]
[Round "5"]
[White "Singer, Christoph"]
[Black "Tabatt, Hendrik"]
[Result "1-0"]
[WhiteElo "2341"]
[BlackElo "2222"]
[EventDate "2002.11.22"]
[PlyCount "69"]

1. d4 d5 2. Bf4 Nf6 3. e3 c5 4. c3 Nc6 5. Nf3 e6 6. Nbd2 Bd6 7. Bxd6 Qxd6 8. Bb5 O-O 9. Bxc6 bxc6 10. O-O Nd7 11. Re1 f5 12. Qa4 Rf6 13. Ne5 Rb8 14. Qxc6 Qxc6 15. Nxc6 Rxb2 16. Ne7+ Kf8 17. Nxc8 Rxd2 18. Nxa7 e5 19. Nb5 f4 20. dxe5 fxe3 21. fxe3 Nxe5 22. Rf1 Rxf1+ 23. Rxf1+ Ke7 24. Ra1 Nc4 25. a4 Rb2 26. Nc7 Kd6 27. Ne8+ Kc6 28. a5 Kb7 29. a6+ Ka7 30. Rd1 Rc2 31. Nc7 Rd2 32. Rb1 Nb6 33. Ra1 Re2 34. Nb5+ Ka8 35. Rf1 1-0

[Event "GER-ch 74th"]
[Site "Saarbruecken"]
[Date "2002.11.26"]
[Round "5"]
[White "Slobodjan, Roman"]
[Black "Gustafsson, Jan"]
[Result "0-1"]
[WhiteElo "2521"]
[BlackElo "2554"]
[EventDate "2002.11.22"]
[PlyCount "52"]

1. c4 Nf6 2. Nc3 e5 3. Nf3 Nc6 4. g3 Nd4 5. Ng1 d5 6. e3 Nc6 7. cxd5 Nxd5 8. d3 Be7 9. Nf3 O-O 10. Bd2 Ndb4 11. Qb1 Bf5 12. Ne4 Bg4 13. Ng1 f5 14. Nc3 f4 15. a3 fxe3 16. fxe3 Nd5 17. Bg2 Nb6 18. Ne4 Qd7 19. h3 Bh5 20. g4 Bh4+ 21. Kd1 Bg6 22. Qc2 Bxe4 23. dxe4 Rf2 24. Nf3 Be7 25. Rh2 Rf8 26. Ke1 R8xf3 0-1

[Event "GER-ch 74th"]
[Site "Saarbruecken"]
[Date "2002.11.26"]
[Round "5"]
[White "Zeller, Frank"]
[Black "Schulz, Karsten"]
[Result "1/2-1/2"]
[WhiteElo "2454"]
[BlackElo "2321"]
[EventDate "2002.11.22"]
[PlyCount "170"]

1. e4 g6 2. d4 Bg7 3. Nc3 d6 4. Be3 c6 5. Qd2 b5 6. Bd3 Nd7 7. Nf3 Qc7 8. O-O Bb7 9. a4 b4 10. Ne2 c5 11. c3 c4 12. Bb1 Ngf6 13. Ng3 bxc3 14. bxc3 Ng4 15. Bg5 h6 16. Bh4 Ngf6 17. Re1 e5 18. a5 O-O 19. Ra4 Ba6 20. Nf1 Rab8 21. Ne3 Qc6 22. Qa2 Rb3 23. Bxf6 Nxf6 24. dxe5 dxe5 25. Nxe5 Qc7 26. N5xc4 Rxc3 27. e5 Bxc4 28. Rxc4 Rxc4 29. Nxc4 Re8 30. h3 Nd5 31. Bxg6 fxg6 32. Ne3 Rxe5 33. Rd1 Kh7 34. Rxd5 Re7 35. Qd2 Qb7 36. Qd3 Rc7 37. h4 Rc1+ 38. Kh2 Qe7 39. g3 Qf6 40. Ng4 Qe6 41. Ne3 Rc3 42. Qd2 Rc7 43. h5 gxh5 44. Rxh5 Qg6 45. Rd5 Rf7 46. Ng2 Qe4 47. Nf4 Rc7 48. Qd3 Qxd3 49. Rxd3 Be5 50. Nd5 Rc5 51. Ne3 Rxa5 52. Rd7+ Kg6 53. Nc4 Rc5 54. Nxe5+ Rxe5 55. Rxa7 Re2 56. Kg2 Rc2 57. Ra5 h5 58. Ra4 Rb2 59. Rf4 Ra2 60. Kh3 Kg5 61. Rf8 Ra1 62. f4+ Kg6 63. Rg8+ Kh6 64. Rg5 Rb1 65. Re5 Rh1+ 66. Kg2 Ra1 67. Re6+ Kg7 68. Kf3 Ra4 69. f5 Rg4 70. Ra6 Rb4 71. Rg6+ Kh7 72. Re6 Kg7 73. Re4 Rb3+ 74. Kf4 Kf6 75. Re6+ Kf7 76. Rg6 Rb1 77. Kg5 Rf1 78. Rf6+ Ke7 79. Rg6 Rf3 80. Rg7+ Kf8 81. Kf6 Rxf5+ 82. Kxf5 Kxg7 83. Kg5 h4 84. Kxh4 Kh6 85. Kg4 Kg6 1/2-1/2

[Event "GER-ch 74th"]
[Site "Saarbruecken"]
[Date "2002.11.27"]
[Round "6"]
[White "Barmbold, Jens"]
[Black "Bischof, Detlef"]
[Result "1-0"]
[WhiteElo "2190"]
[BlackElo "2268"]
[EventDate "2002.11.22"]
[PlyCount "81"]

1. d4 d5 2. Nc3 Nf6 3. Bg5 e6 4. e4 Bb4 5. e5 h6 6. exf6 hxg5 7. fxg7 Rg8 8. h4 Nc6 9. h5 Rxg7 10. Bb5 Bd7 11. Nf3 Qe7 12. Qd3 O-O-O 13. Bxc6 Bxc6 14. Ne5 Be8 15. O-O-O f6 16. Ng4 Bf7 17. Rde1 c6 18. Nh6 Be8 19. Nf5 exf5 20. Rxe7 Bxe7 21. h6 Rg8 22. h7 Rh8 23. Qxf5+ Bd7 24. Qg6 Rdf8 25. Qg7 Kd8 26. Re1 Bd6 27. f3 Kc8 28. g4 f5 29. gxf5 Bf4+ 30. Kd1 Bxf5 31. Rh1 Bd6 32. Ne2 a5 33. Nc1 Kd8 34. Nd3 Be7 35. Rh6 Ke8 36. Ne5 Bd7 37. Rg6 Bf5 38. Rh6 Bd7 39. Ke2 Bf5 40. c3 Bd7 41. Qg6+ 1-0

[Event "GER-ch 74th"]
[Site "Saarbruecken"]
[Date "2002.11.27"]
[Round "6"]
[White "Breutigam, Martin"]
[Black "Handke, Florian"]
[Result "0-1"]
[WhiteElo "2398"]
[BlackElo "2504"]
[EventDate "2002.11.22"]
[PlyCount "100"]

1. d4 Nf6 2. c4 e6 3. Nc3 Bb4 4. Bg5 c5 5. dxc5 Qc7 6. Bxf6 gxf6 7. Rc1 Bxc5 8. e3 f5 9. Nh3 b6 10. Be2 Bb7 11. Bf3 Nc6 12. Nf4 Rg8 13. Nd3 a6 14. a3 Bd6 15. Nd5 Qd8 16. Nxb6 Qxb6 17. c5 Qa5+ 18. b4 Qxa3 19. cxd6 Nxb4 20. O-O Nxd3 21. Bxb7 Rb8 22. Ra1 Qxd6 23. Rxa6 Qb4 24. Qxd3 Qxb7 25. g3 h5 26. h4 Qc7 27. Rd1 d5 28. Qa3 Rg4 29. Ra7 Qd8 30. Qc3 d4 31. exd4 Kf8 32. d5 Kg8 33. Qf3 Qb6 34. Rd7 f4 35. Kg2 Qb2 36. Kh3 Qf6 37. dxe6 Qxe6 38. Rd8+ Kh7 39. Qd3+ Rg6+ 40. Kg2 Rxd8 41. Qxd8 Qe4+ 42. Kg1 fxg3 43. Qd3 gxf2+ 44. Kxf2 Qxh4+ 45. Kf1 Qh1+ 46. Kf2 Qg2+ 47. Ke1 h4 48. Qf5 Qg3+ 49. Kf1 Kg7 50. Rd3 Qg1+ 0-1

[Event "GER-ch 74th"]
[Site "Saarbruecken"]
[Date "2002.11.27"]
[Round "6"]
[White "Gisbrecht, Ewgeni"]
[Black "Kalinitschew, Sergey"]
[Result "1/2-1/2"]
[WhiteElo "2414"]
[BlackElo "2485"]
[EventDate "2002.11.22"]
[PlyCount "27"]

1. Nf3 e6 2. c4 d5 3. b3 Be7 4. Bb2 Bf6 5. Bxf6 Nxf6 6. e3 O-O 7. Nc3 c5 8. d4 cxd4 9. Qxd4 Qa5 10. Qd2 dxc4 11. Bxc4 Rd8 12. Qb2 Nc6 13. O-O Bd7 14. Rfd1 1/2-1/2

[Event "GER-ch 74th"]
[Site "Saarbruecken"]
[Date "2002.11.27"]
[Round "6"]
[White "Gustafsson, Jan"]
[Black "Dautov, Rustem"]
[Result "1/2-1/2"]
[WhiteElo "2554"]
[BlackElo "2617"]
[EventDate "2002.11.22"]
[PlyCount "29"]

1. d4 Nf6 2. c4 c6 3. Nc3 d5 4. Nf3 a6 5. a4 e6 6. Bg5 Nbd7 7. a5 h6 8. Bh4 Bb4 9. Qa4 Be7 10. e3 O-O 11. Be2 b5 12. axb6 Nxb6 13. Qa2 Nxc4 14. Bxc4 dxc4 15. O-O 1/2-1/2

[Event "GER-ch 74th"]
[Site "Saarbruecken"]
[Date "2002.11.27"]
[Round "6"]
[White "Holzhaeuer, Mathias"]
[Black "Singer, Christoph"]
[Result "1-0"]
[WhiteElo "2407"]
[BlackElo "2341"]
[EventDate "2002.11.22"]
[PlyCount "99"]

1. e4 e5 2. Nf3 Nc6 3. Bb5 Nf6 4. d4 exd4 5. O-O Be7 6. e5 Ne4 7. Re1 Nc5 8. Bxc6 dxc6 9. Nxd4 O-O 10. Nc3 f5 11. exf6 Bxf6 12. Be3 Ne6 13. Nf3 c5 14. Qe2 Nd4 15. Nxd4 cxd4 16. Qc4+ Kh8 17. Rad1 c5 18. Ne4 b6 19. c3 Bb7 20. cxd4 Bd5 21. Qc2 Bxe4 22. Qxe4 Re8 23. Qf3 cxd4 24. Rf1 Qd7 25. Rd2 Rad8 26. Rfd1 Qa4 27. b3 Qb4 28. Bf4 Rd7 29. h3 Rde7 30. Kh2 h6 31. Bxh6 Qc5 32. Bf4 Qf5 33. g4 Qc5 34. Bg3 Re4 35. Qd3 Bg5 36. Rc2 Qe7 37. Rc7 Qe6 38. Qf3 Kg8 39. Qd3 Rf8 40. Qc4 Qxc4 41. Rxc4 Rd8 42. Kg2 Re2 43. h4 Be7 44. Rdxd4 Rxd4 45. Rxd4 Rxa2 46. Rd7 Bc5 47. h5 a5 48. g5 a4 49. g6 Kf8 50. Bh4 1-0

[Event "GER-ch 74th"]
[Site "Saarbruecken"]
[Date "2002.11.27"]
[Round "6"]
[White "Kersten, Uwe"]
[Black "Tabatt, Hendrik"]
[Result "1-0"]
[WhiteElo "2331"]
[BlackElo "2222"]
[EventDate "2002.11.22"]
[PlyCount "119"]

1. e4 e5 2. Nf3 Nc6 3. Bb5 Nf6 4. O-O Bc5 5. c3 O-O 6. d4 Bb6 7. Bg5 h6 8. Bh4 d6 9. a4 a5 10. Re1 Qe7 11. Bxc6 bxc6 12. Nbd2 Ba6 13. Qc2 Qe6 14. Rad1 Rfe8 15. b3 Nh5 16. Nf1 exd4 17. Nxd4 Bxd4 18. cxd4 d5 19. e5 Bxf1 20. Kxf1 Reb8 21. f3 Rb4 22. Re3 Nf4 23. Be1 Rb7 24. g3 Ng6 25. Rc3 Rab8 26. Kg2 c5 27. Rxc5 Rxb3 28. Bc3 Qd7 29. Ra1 Nf8 30. Rxa5 Ne6 31. Ra8 Qc6 32. Rxb8+ Rxb8 33. Ra2 Qc4 34. Ba1 Qa6 35. a5 Rb4 36. Qd2 Qc4 37. Rc2 Qb5 38. Bc3 Ra4 39. Ra2 Qc4 40. Rxa4 Qxa4 41. Bb4 Qb5 42. Kf2 Nd8 43. Bc3 Qc4 44. Qb2 Ne6 45. Qa1 Qa6 46. h4 Kf8 47. Qf1 Qxf1+ 48. Kxf1 c6 49. a6 Nc7 50. a7 Ke7 51. Ba5 Na8 52. h5 Ke6 53. Kf2 g6 54. hxg6 fxg6 55. g4 h5 56. gxh5 gxh5 57. f4 Kf5 58. Kg3 c5 59. dxc5 d4 60. Bd8 1-0

[Event "GER-ch 74th"]
[Site "Saarbruecken"]
[Date "2002.11.27"]
[Round "6"]
[White "Langrock, Hannes"]
[Black "Baramidze, David"]
[Result "1/2-1/2"]
[WhiteElo "2265"]
[BlackElo "2390"]
[EventDate "2002.11.22"]
[PlyCount "47"]

1. e4 c5 2. c3 d5 3. exd5 Qxd5 4. d4 Nf6 5. Nf3 Bg4 6. dxc5 Qxc5 7. Na3 a6 8. Be3 Qc7 9. h3 Bh5 10. Qa4+ Nbd7 11. O-O-O e5 12. Nc4 Bxf3 13. gxf3 O-O-O 14. Qa5 Bc5 15. Qxc7+ Kxc7 16. Bxc5 Nxc5 17. Nxe5 Rxd1+ 18. Kxd1 Rd8+ 19. Kc2 Rd5 20. Nc4 Rf5 21. Be2 Nh5 22. Ne3 Re5 23. Bc4 Nf4 24. h4 1/2-1/2

[Event "GER-ch 74th"]
[Site "Saarbruecken"]
[Date "2002.11.27"]
[Round "6"]
[White "Lentrodt, Thomas"]
[Black "Vatter, Hans Joachim"]
[Result "0-1"]
[WhiteElo "2300"]
[BlackElo "2320"]
[EventDate "2002.11.22"]
[PlyCount "94"]

1. d4 c5 2. d5 e5 3. e4 d6 4. Nf3 Nf6 5. Nfd2 Be7 6. Be2 Nbd7 7. Nc3 a6 8. a4 b6 9. O-O O-O 10. g3 Ne8 11. Nc4 Rb8 12. f4 b5 13. axb5 exf4 14. Bxf4 axb5 15. Na5 c4 16. Nc6 Qb6+ 17. Kg2 Bf6 18. Nxb8 Qxb8 19. Bg4 Bxc3 20. bxc3 Nef6 21. Bxd7 Bxd7 22. Qd4 Re8 23. Rfe1 Qc8 24. Bxd6 Bh3+ 25. Kg1 Qg4 26. Re3 h6 27. Bf4 Rxe4 28. Rxe4 Qf3 29. Qf2 Qxe4 30. d6 Qd5 31. Qd2 Qf3 32. Re1 Qc6 33. Re2 Bc8 34. h3 Bxh3 35. Be5 Ne4 36. Qf4 Ng5 37. Kh2 Bc8 38. g4 Bb7 39. Bd4 Qh1+ 40. Kg3 Qh3+ 41. Kf2 Bc6 42. Re1 Qg2+ 43. Ke3 Ne4 44. Rd1 Qxc2 45. d7 Bxd7 46. Qb8+ Kh7 47. Qf8 Qf2+ 0-1

[Event "GER-ch 74th"]
[Site "Saarbruecken"]
[Date "2002.11.27"]
[Round "6"]
[White "Luther, Thomas"]
[Black "Graf, Alexander"]
[Result "1-0"]
[WhiteElo "2538"]
[BlackElo "2635"]
[EventDate "2002.11.22"]
[PlyCount "67"]

1. e4 c5 2. Nf3 Nf6 3. Nc3 d5 4. exd5 Nxd5 5. Bb5+ Bd7 6. Ne5 Bxb5 7. Qf3 f6 8. Nxb5 Na6 9. Nc4 Qd7 10. O-O Nab4 11. a4 e6 12. c3 Nc6 13. Re1 Be7 14. Qh5+ g6 15. Qh6 Kf7 16. d3 a6 17. Nba3 b5 18. Ne3 Nb6 19. axb5 axb5 20. Bd2 b4 21. Nac2 Rxa1 22. Rxa1 Qxd3 23. Be1 b3 24. Na3 Qe2 25. Rb1 Ne5 26. Qh4 Nd3 27. Nac4 f5 28. Qg3 f4 29. Ne5+ Nxe5 30. Qxf4+ Bf6 31. c4 Nbxc4 32. Ra1 Ra8 33. Rxa8 Qxe1+ 34. Nf1 {time} 1-0

[Event "GER-ch 74th"]
[Site "Saarbruecken"]
[Date "2002.11.27"]
[Round "6"]
[White "Schmidt, Harald"]
[Black "Zeller, Frank"]
[Result "1-0"]
[WhiteElo "2332"]
[BlackElo "2454"]
[EventDate "2002.11.22"]
[PlyCount "63"]

1. c4 e6 2. g3 d5 3. Bg2 dxc4 4. Qa4+ Nd7 5. Qxc4 a6 6. d4 c5 7. dxc5 Bxc5 8. Nc3 Ngf6 9. Nf3 b5 10. Qd3 Bb7 11. O-O Qb6 12. a4 b4 13. a5 Qc7 14. Na4 Be4 15. Qd1 Ba7 16. Bf4 e5 17. Nxe5 Bxg2 18. Nxd7 Qb7 19. Nxf6+ gxf6 20. Re1 O-O 21. Qd6 Bh1 22. e4 Bxe4 23. Qxf6 Qc6 24. Qg5+ Bg6 25. h4 Qf3 26. Be3 Bb8 27. Bd4 f6 28. Qe3 Qxe3 29. Rxe3 Bc7 30. Nc5 Rf7 31. Re6 Bd3 32. Nxd3 1-0

[Event "GER-ch 74th"]
[Site "Saarbruecken"]
[Date "2002.11.27"]
[Round "6"]
[White "Schunk, Eduard"]
[Black "Riegler, Dieter"]
[Result "1-0"]
[WhiteElo "2297"]
[BlackElo "2233"]
[EventDate "2002.11.22"]
[PlyCount "79"]

1. e4 c5 2. Nf3 d6 3. d3 Nc6 4. g3 g6 5. Bg2 Bg7 6. O-O Rb8 7. Nc3 b5 8. a3 e6 9. Be3 Nd4 10. Qd2 Ne7 11. Ne1 O-O 12. f4 a5 13. Qf2 b4 14. axb4 axb4 15. Nd1 Bb7 16. Rb1 Bc6 17. Kh1 f5 18. Bxd4 Bxd4 19. Qe2 Qd7 20. Nf3 Bg7 21. Re1 fxe4 22. dxe4 Bb5 23. Qd2 Nc6 24. e5 d5 25. Nf2 Ne7 26. Rbd1 Rfd8 27. Nd3 Qa7 28. Qf2 Bxd3 29. cxd3 Qb6 30. Rc1 Rdc8 31. Rc2 Bf8 32. Rec1 Nc6 33. Bh3 Na5 34. g4 Rc7 35. f5 gxf5 36. gxf5 exf5 37. Bxf5 Rf7 38. Rg1+ Kh8 39. Ng5 Rg7 40. e6 1-0

[Event "GER-ch 74th"]
[Site "Saarbruecken"]
[Date "2002.11.27"]
[Round "6"]
[White "Schunk, Thomas"]
[Black "Scherer, Max"]
[Result "1-0"]
[WhiteElo "2294"]
[BlackElo "2339"]
[EventDate "2002.11.22"]
[PlyCount "95"]

1. c4 b6 2. Nc3 e6 3. e4 Bb7 4. d4 Bb4 5. f3 f5 6. e5 Nc6 7. Be3 d6 8. f4 dxe5 9. fxe5 Qh4+ 10. Bf2 Qe4+ 11. Qe2 O-O-O 12. O-O-O Bxc3 13. bxc3 Nge7 14. Nh3 Qxe2 15. Bxe2 Rd7 16. Nf4 Nd8 17. h4 Nec6 18. Rhe1 Na5 19. d5 Re8 20. Bd3 g6 21. h5 Ba6 22. hxg6 hxg6 23. Bh4 Bxc4 24. Bxc4 Nxc4 25. Bxd8 Rexd8 26. Nxe6 Re8 27. Rd4 b5 28. a4 Nb6 29. axb5 Rxd5 30. Rxd5 Nxd5 31. Nd4 Nxc3 32. Kc2 Ne4 33. Nc6 Kb7 34. Ra1 Ra8 35. Ra6 g5 36. Na5+ Kc8 37. Nc4 Kb7 38. Na5+ Kc8 39. Rg6 Kd7 40. Rg7+ Ke6 41. Nc6 g4 42. Rxc7 g3 43. Kd3 Rh8 44. Kd4 Re8 45. Rxa7 Ng5 46. Rg7 Nf7 47. Rxg3 Nxe5 48. Re3 1-0

[Event "GER-ch 74th"]
[Site "Saarbruecken"]
[Date "2002.11.27"]
[Round "6"]
[White "Seger, Ruediger"]
[Black "Mayer, Frank"]
[Result "1/2-1/2"]
[WhiteElo "2406"]
[BlackElo "2256"]
[EventDate "2002.11.22"]
[PlyCount "83"]

1. e4 c5 2. c3 e6 3. d4 d5 4. exd5 exd5 5. Nf3 Nc6 6. Bb5 Bd6 7. O-O Nge7 8. dxc5 Bxc5 9. Nbd2 O-O 10. Nb3 Bb6 11. Re1 Qd6 12. Be3 Bxe3 13. Rxe3 Bg4 14. Be2 Rfe8 15. Nfd4 Nxd4 16. Nxd4 Bd7 17. Bf3 Ng6 18. Nc2 Bc6 19. Qd4 Ne5 20. Be2 a6 21. Rd1 Rad8 22. Bf1 Qb8 23. Nb4 a5 24. Nxc6 bxc6 25. Rde1 f6 26. Qc5 Kf7 27. b3 Re6 28. h3 Qc7 29. Rd1 Nd7 30. Qd4 Rxe3 31. Qxe3 Re8 32. Qd3 Kg8 33. c4 Ne5 34. Qe3 Rd8 35. cxd5 cxd5 36. f4 Ng6 37. g3 Ne7 38. Bg2 Kf8 39. Kh2 Qd6 40. Qd3 g6 41. Qd4 Kg7 42. Bf3 1/2-1/2

[Event "GER-ch 74th"]
[Site "Saarbruecken"]
[Date "2002.11.27"]
[Round "6"]
[White "Stewart, Neil"]
[Black "Bastian, Herbert"]
[Result "1-0"]
[WhiteElo "2388"]
[BlackElo "2376"]
[EventDate "2002.11.22"]
[PlyCount "75"]

1. e4 c5 2. Nc3 Nc6 3. g3 g6 4. Bg2 Bg7 5. d3 d6 6. Be3 Nf6 7. h3 O-O 8. f4 Rb8 9. Qd2 Nd4 10. Nce2 e5 11. c3 exf4 12. Nxf4 Ne6 13. Nge2 b6 14. O-O Nxf4 15. Bxf4 Qd7 16. Rf2 Bb7 17. Bg5 Ne8 18. Raf1 Nc7 19. Bf6 Bxf6 20. Rxf6 Ne8 21. R6f2 Ng7 22. d4 Qe7 23. Qe3 Rbe8 24. d5 f5 25. c4 Bc8 26. Kh2 Qe5 27. Qc3 Bd7 28. Qxe5 Rxe5 29. Nc3 Rfe8 30. h4 R5e7 31. Bh3 h6 32. h5 Nxh5 33. exf5 gxf5 34. Bxf5 a6 35. Bg6 Ng7 36. Bf7+ Rxf7 37. Rxf7 Bg4 38. R7f4 1-0

[Event "GER-ch 74th"]
[Site "Saarbruecken"]
[Date "2002.11.29"]
[Round "8"]
[White "Gisbrecht, Ewgeni"]
[Black "Slobodjan, Roman"]
[Result "1/2-1/2"]
[WhiteElo "2414"]
[BlackElo "2521"]
[EventDate "2002.11.22"]
[PlyCount "150"]

1. Nf3 g6 2. g3 Bg7 3. d4 Nf6 4. Bg2 c6 5. c4 O-O 6. O-O d6 7. Nc3 Qa5 8. h3 e5 9. e4 Nbd7 10. dxe5 Nxe5 11. Nxe5 dxe5 12. Qc2 Be6 13. b3 Nd7 14. Bd2 Qc7 15. Be3 Rae8 16. Rad1 f6 17. Na4 Rf7 18. Nc5 Nxc5 19. Bxc5 Qc8 20. Kh2 b6 21. Be3 c5 22. Rd6 Bf8 23. Rd2 Rd8 24. Rfd1 Rfd7 25. Rxd7 Rxd7 26. Rxd7 Qxd7 27. Qd2 Kf7 28. Qxd7+ Bxd7 29. Kg1 Bc6 30. Kf1 Ke6 31. Ke2 Kd6 32. Kd3 f5 33. f3 Be7 34. Bd2 Bf6 35. Be3 Bd7 36. Bd2 h5 37. Be3 Bd8 38. a4 a6 39. Bd2 b5 40. axb5 axb5 41. Bf1 bxc4+ 42. bxc4 Bc7 43. Bc3 Ke7 44. Be1 Kd6 45. Bc3 Bd8 46. Bd2 Be7 47. Bc1 Bc8 48. Bg2 Be6 49. Bf1 Bd7 50. Bg2 Ke6 51. Bd2 Bd6 52. Bf1 Kf6 53. Be1 Be7 54. Bc3 Ke6 55. Bd2 Bd8 56. Bg2 Ba4 57. Bf1 Bc7 58. Be2 f4 59. g4 Bd8 60. Be1 Kd6 61. Bf1 Bd1 62. Be2 Bb3 63. Bf1 Kc6 64. Be2 Ba4 65. Bf1 Kb6 66. Bc3 Bc7 67. Be2 Kc6 68. Be1 Kd6 69. Bf1 Ke7 70. Be2 Kf6 71. Bh4+ Kf7 72. Be1 Kg7 73. Bf1 Kh6 74. Bh4 hxg4 75. hxg4 g5 1/2-1/2